000 00737nam a2200253 a 4500
005 20240309063630.0
008 140821s2010 mx r 000 0 spa d
020 _a9786074695243 (SEP)
020 _a9786079125004 (Auroch)
035 _aUPN01000198993
049 _aI
050 4 _aTX355
_bG5.2
100 1 _aGirardet, Sylvie
_936103
245 1 1 _a¡Comer bien! /
_cSylvie Girardet ; tr. Puig Rosado.
260 _aMéxico :
_bSEP :
_bAuroch,
_c2010.
300 _a63 p. :
_bil. col.
440 0 _aLibro del rincón.
_pAstrolabio
534 _pTitulo original:
_tTrop bon!
650 4 _aAlimentos
_vLiteratura infantil
_921621
650 7 _aDieta
_2
_92192
905 _aInfantil
999 _c171094
_d171094